Sports Quiz

Random Sports or WWE Quiz

WWE Money in the Bank Defeats Quiz Stats

Quiz not verified by Sporcle

Challenge
Share
Tweet
Embed
Score 0/42 Timer 06:00
0 Plays Today
Wrestler % Correct
Chris Jericho
84%
Kevin Owens
82.1%
Christian
82.1%
Kofi Kingston
81.1%
Big Show
81.1%
Sami Zayn
78.6%
Matt Hardy
77.4%
Jeff Hardy
77.4%
Roman Reigns
77.4%
Cody Rhodes
76.9%
AJ Styles
75%
Shinsuke Nakamura
75%
Shelton Benjamin
72.2%
Cesaro
71.2%
Mark Henry
70.3%
Charlotte Flair
67.9%
Chris Benoit
67.5%
Finlay
66.5%
John Morrison
66.5%
Sin Cara
65.6%
Ric Flair
65.1%
Wrestler % Correct
Rey Mysterio
65.1%
Becky Lynch
64.3%
Tamina
64.3%
Wade Barrett
62.3%
MVP
60.8%
Bobby Lashley
59.4%
Natalya
57.1%
Heath Slater
57.1%
Ted DiBiase Jr
56.6%
Justin Gabriel
56.1%
Carlito
52.4%
R-Truth
52.4%
Booker T
51.9%
Neville
51.9%
Evan Bourne
51.4%
Tensai
50.5%
Drew McIntyre
48.6%
Tyson Kidd
48.6%
Santino Marella
42.5%
Fandango
40.6%
Alex Riley
40.1%

You're not logged in!

Compare scores with friends on all Sporcle quizzes.
Sign Up with Email
OR
Log In

You Might Also Like...

Show Comments

Extras

Top Quizzes Today


Score Distribution

Your Account Isn't Verified!

In order to create a playlist on Sporcle, you need to verify the email address you used during registration. Go to your Sporcle Settings to finish the process.